| 000 | 00592nmm a2200193Ia 4500 | ||
|---|---|---|---|
| 008 | 251105s9999||||xx |||||||||||||||||und|| | ||
| 020 | _a9781558850576 | ||
| 041 | _aeng | ||
| 100 | _aColón, Jesús | ||
| 245 | 4 | _aThe way it was and other writings | |
| 264 |
_a[Washington, Estados Unidos] : _bArte Público Press, _c2017 |
||
| 300 | _a128 páginas | ||
| 650 | _aHistory of the Americas: North America | ||
| 700 | _aColón, Jesús | ||
| 700 | 1 | _a Acosta-Belén, Edna | |
| 700 | 1 | _a Sánchez-Korrol, Virginia | |
| 856 | _uhttps://public.digitaliapublishing.com/a/47291 | ||
| 942 | _cCF | ||
| 999 |
_c64112 _d64112 |
||